000 00501nam a2200181Ia 4500
005 20250508162231.0
008 008 250505s9999 xx 000 0 hin d
037 _aTextual
040 _aFEDL
_beng
_cFEDL
041 _ahin
_2eng
084 _a891.433, MIS
_qFEDL
100 _aMisra Kanhaia Lal
_9772619
245 0 _aShan bole kan muskaye
260 _aNew Delhi, India
_bBhartiya Gyanpeeth
_c1980
300 _a250p
942 _cTEXL
_h891.433, MIS
999 _c1375270
_d1375270